000 00517nam a2200217Ia 4500
003 OSt
005 20220926044548.0
006 a|||||r|||| 00| 0
007 ta
008 220923b |||||||| |||| 00| 0 eng d
037 _cGeneral Book
040 _aRTL
_cRTL
_beng
041 _2eng
_aeng
082 _aV1-3.N6, K0
100 _aCox Idris
_9131002
245 0 _aEmpire today
260 _c1960
650 _aHistory
942 _hV1-3.N6, K0
_cGB
_2CC
999 _c675227
_d675227